00479nam a2200193 a 4500001001300000003000900013005001700022008004100039020001000080082001500090100001800105245002500123260004000148300000900188500003500197505001700232650001800249700001800267nice12345678IN_TiNIC20260116012134.0050524s1976 luca grp 000 0 eng  ac10000a236.9bAHM aAhmad, Shah E aJesus in Coming Soon aLucknowbKapur Printing Pressc1976 a133p aincludes index and biblioraphy2 aBibliography aSecond Advent1 aAhmad, Shah E